Kinetics of metallurgical processes

Gespeichert in:
Bibliographische Detailangaben
1. Verfasser: Ray, Hem Shanker
Weitere Verfasser: Ray, Saradindukumar
Format: Unbekannt
Sprache:Englisch
Veröffentlicht: Singapore. Springer Singapore, 2018
Schlagworte:
Tags: Tag hinzufügen
Keine Tags, Fügen Sie den ersten Tag hinzu!

MARC

LEADER 00000 a2200000 4500
003 CL-VaPUC
005 20240923100301.0
008 201120b ||||| |||| 00| 0 eng d
999 |c 431824  |d 431822 
020 |a 9811306850 
040 |c Pontificia Universidad Católica de Valparaíso 
082 |a 620.16 RAY 2018 
100 |a Ray, Hem Shanker   |9 856869 
245 |a Kinetics of metallurgical processes 
260 |a Singapore.  |b  Springer Singapore,  |c 2018 
300 |a 455 páginas 
583 |k Cristina Rojas  |c 20201121 
650 0 |a Metales   |9 260686 
650 0 |a Mecánica aplicada  |9 260187 
650 |a Termodinámica   |9 259320 
650 0 |a Transferencia de calor  |9 336631 
650 |a Transferencia de masas   |9 358347 
650 |a Ingeniería química   |9 8 
700 |a Ray, Saradindukumar.  |9 858343 
852 |a BIBCUR 
942 |2 ddc  |c BK 
952 |0 0  |1 0  |2 ddc  |4 0  |6 620_160000000000000_RAY_2018  |7 0  |8 A  |9 576969  |a BIBING  |b BIBING  |d 2020-11-20  |e 3  |g 84358.00  |i 557806K  |o 620.16 RAY 2018  |p 557806K  |r 2025-01-20  |t 1  |v 84358.00  |w 2020-11-20  |y BK  |k EIQ 
952 |0 0  |1 0  |2 ddc  |4 0  |6 620_160000000000000_RAY_2018  |7 0  |8 A  |9 576970  |a BIBING  |b BIBING  |d 2020-11-20  |e 3  |g 84358.00  |i 5578078  |o 620.16 RAY 2018  |p 5578078  |r 2025-01-20  |t 2  |v 84358.00  |w 2020-11-20  |y BK  |k EIQ